| 000 | 00668nam a2200193 4500 | ||
|---|---|---|---|
| 001 | 118464 | ||
| 003 | ES-MaACL | ||
| 005 | 20230906191114.0 | ||
| 007 | t| | ||
| 008 | 070214s1942 sp r ||||1| spa d | ||
| 100 | 1 |
_aPérez Argilés, Valentín. _990642 |
|
| 245 | 1 | 0 |
_aToxiclogía general / _cValentín Pérez Argilés con la colaboración de José Mª Bastero Beguiristaim ; prólogo del Prof. D. Antonio Piga. |
| 250 | _a1ª ed. | ||
| 260 |
_aMadrid : _bMorata, _c1942. |
||
| 300 |
_a190 p. 8 láms. : _bil ; _c24 cm. |
||
| 700 | 1 |
_aBastero Beriguistaim, José Mª. _926350 |
|
| 700 | 0 |
_aPiga y Pascual, Antonio. _991988 |
|
| 852 |
_aES-MaACL _jD-7553 _bR.30596 |
||
| 999 |
_c118464 _d118464 |
||